000 004290000a22001810004500
003 MACL
005 20150919105152.0
008 150919b xxu||||| |||| 00| 0 eng d
040 _aMACL
_cMACL
041 _aEnglish
082 _a823/VIJ
100 _aVijayan, O V
_911893
245 _aThe Legends Of Khasak
260 _bPenguin Books
_c1994
_aNew Delhi
350 _a125
650 _aFicition
_911894
942 _cBK
_k823
_2ddc
999 _c3341
_d3341